| 000 | 01474mm a2200349a 44500 | ||
|---|---|---|---|
| 001 | NM030127 | ||
| 003 | RG CODE MARC | ||
| 008 | 05020s2006 ||||||||||||||000 | spa|| | ||
| 005 | 20251028183342.0 | ||
| 020 | _a0-55883-407-9 | ||
| 040 | _aORG CODE MARC | ||
| 245 |
_aFundamentos bíblico-teológicos del matrimonio y la familia _c , editado por Jorge E. Maldonado |
||
| 250 | _a2ª ed., rev. y aum. | ||
| 260 |
_aGrand Rapids, Mich. _bLibros Desafío : EIRENE Internacional [distribuidor] |
||
| 300 |
_a253 p. _b23 cm. |
||
| 500 | _aDonación de Pablo Vernola, 2025 | ||
| 505 |
_t1. La familia en los tiempos bíblicos _rMaldonado, Jorge E. |
||
| 505 |
_t2. Persona, pareja y familia _rAtiencia, Jorge |
||
| 505 |
_t3. La relación hombre-mujer en la Biblia _rPadilla, C. René |
||
| 505 |
_t4. La familia, educadora de la fe _rSánchez Cetina, Edesio |
||
| 505 |
_t5. El matrimonio según san Pablo _rAllmen, Jean-Jaques von |
||
| 505 |
_t6. Matrimonio: problema y misterio _rBrepohl, Margareth |
||
| 505 |
_t7. La Iglesia y la familia _rWesterhoff, John H. |
||
| 505 |
_t8. La familia en la misión de Dios _rFlory de Quijada, Dorothy |
||
| 505 |
_t9. El divorcio y las iglesias evangélicas _rAlianza Evangélica Española |
||
| 505 |
_t10. Hacia una pastoral evangélica del matrimonio _rIglesia Evangélica Metodista Argentina |
||
| 653 | _aBIBLIA | ||
| 653 | _aMATRIMONIO | ||
| 653 | _aFAMILIA | ||
| 700 |
_aMaldonado, Jorge E. _98435 |
||
| 942 | _cBK | ||
| 999 |
_c29434 _d29434 |
||